| 000 | 01094nam a2200313 a 4500 | ||
|---|---|---|---|
| 001 | ASIN8173046212 | ||
| 005 | 20170105102932.0 | ||
| 008 | 140826s2005 xxu eng d | ||
| 020 |
_a8173046212 (paperback) _c$27.00 |
||
| 020 | _a9788173046216 (paperback) | ||
| 040 | _a0 | ||
| 050 | 0 | 4 | _aJZ5534 |
| 082 |
_a303.60954 _bSEW 2005 |
||
| 100 | 1 | _aSewak, Manjrika. | |
| 245 | 1 | 0 |
_aMulti-track diplomacy between india and pakistan : _ba conceptual framework for sustainable security / _cManjrika Sewak. |
| 260 |
_a[S.l.] : _bManohar, _c2005. |
||
| 300 |
_a137 p. ; _c22 cm. |
||
| 490 | 1 | _aRcss policy studies. | |
| 520 | _aFresh study of peace and security issues, India and Pakistan. reviews issues and combines theory with very practical suggestions and analysis. | ||
| 650 | 0 | _aConflict management | |
| 650 | 0 | _aDiplomacy | |
| 650 | 0 | _aIndia | |
| 650 | 0 | _aInternational relations | |
| 650 | 0 | _aPakistan | |
| 650 | 0 | _aPeace | |
| 830 | 0 | _aRcss policy studies. | |
| 856 | 4 | 0 |
_3Amazon.com _uhttp://www.amazon.com/exec/obidos/ASIN/8173046212/chopaconline-20 |
| 942 |
_2ddc _cBK |
||
| 999 |
_c16096 _d16096 |
||